ბათუმის შოთა რუსთაველის სახელმწიფო უნივერსიტეტის ბიბლიოთეკა

თხზულებათა სრული კრებული : 10 ტომად. ტ. 3 (ბიბ.ჩანაწერი № 48977)

000 -LEADER
fixed length control field 00901nam a2200205Ia 4500
001 - CONTROL NUMBER
control field 15882
003 - CONTROL NUMBER IDENTIFIER
control field GE_BSU
008 - FIXED-LENGTH DATA ELEMENTS--GENERAL INFORMATION
fixed length control field 181216s||||||||xx |||||||||||||| ||und||
040 ## - CATALOGING SOURCE
Transcribing agency GE_BSU
080 ## - UNIVERSAL DECIMAL CLASSIFICATION NUMBER
Universal Decimal Classification number 821.353.1+821.353.1-92
100 ## - MAIN ENTRY--PERSONAL NAME
Personal name ჭავჭავაძე, ი. (ილია, 1837-1907)
245 ## - TITLE STATEMENT
Title თხზულებათა სრული კრებული : 10 ტომად. ტ. 3
245 ## - TITLE STATEMENT
Statement of responsibility, etc. პ. ინგოროყვას რედ. [და შესავ. წერილით].მხ. დ. და ლ. ქუთათელაძეები
260 ## - PUBLICATION, DISTRIBUTION, ETC.
Place of publication, distribution, etc. თბილისი
260 ## - PUBLICATION, DISTRIBUTION, ETC.
Name of publisher, distributor, etc. სახელგამი
260 ## - PUBLICATION, DISTRIBUTION, ETC.
Date of publication, distribution, etc. 1953
300 ## - PHYSICAL DESCRIPTION
Extent 512 გვ.20 სმ.
653 ## - INDEX TERM--UNCONTROLLED
Uncontrolled term წერილები ლიტერატურაზე და ხელოვნებაზე. პრესა. ფელეტონები
942 ## - ADDED ENTRY ELEMENTS (KOHA)
Koha item type წიგნი
ეგზემპლარები
Withdrawn status Lost status Damaged status Not for loan Date acquired Barcode Date last seen Price effective from Koha item type
        2018-12-17 39015 2018-12-17 2018-12-17 წიგნი
        2018-12-17 39016 2018-12-17 2018-12-17 წიგნი
        2018-12-17 39017 2018-12-17 2018-12-17 წიგნი
        2018-12-17 39018 2018-12-17 2018-12-17 წიგნი
        2018-12-17 39019 2018-12-17 2018-12-17 წიგნი
        2018-12-17 39020 2018-12-17 2018-12-17 წიგნი
        2018-12-17 39021 2018-12-17 2018-12-17 წიგნი